| 000 | 00923nam a22002897a 4500 | ||
|---|---|---|---|
| 001 | BR9101951 | ||
| 003 | BR-BrBNA | ||
| 005 | 20230928093552.0 | ||
| 007 | ta | ||
| 008 | 230509b bl.||||| |||| 00| 0 por d | ||
| 040 |
_aBR-BrBNA _bpor _cBiblioteca Nacional de Agricultura |
||
| 041 | _a(Por) | ||
| 072 |
_aF03 _b1470 _b3575 |
||
| 090 | _ 1470 BR9101951 | ||
| 100 | 1 | _aCaliari, M.F. | |
| 110 | 1 |
_aEscola Superior de Agricultura Luiz de Queiroz, Piracicaba, SP (Brasil) _0Tese (Mestrado) |
|
| 245 | 1 | _aComparacao entre metodos para avaliacao da qualidade fisiologica de sementes de ervilha (Pisum sativum L.) | |
| 260 | 3 |
_aPiracicaba, SP (Brasil): _c1989. |
|
| 300 | _a89 p. | ||
| 500 | _aBibliography p. 83-89 (55 ref.); Summaries (Eng, Por) | ||
| 650 | _aERVILHA | ||
| 650 | _aSEMENTE | ||
| 650 | _aCONTROLE DE QUALIDADE | ||
| 650 | _aTESTE DE VIGOR | ||
| 909 |
_a202309 _bLucia _c55 _dLucia Elande |
||
| 942 | _cBK | ||
| 999 |
_c45755 _d45755 |
||